Odyssey Conference Proceedings of FEB Zagreb 15th International Odyssey Conference on Economics and Business
Na minha lista:
| Autor Corporativo: | |
|---|---|
| Outros Autores: | , |
| Formato: | Livro |
| Idioma: | inglês |
| Publicado em: |
Zagreb
University of Zagreb
2024
|
| Edição: | 1st Edition |
| Assuntos: | |
| Tags: |
Sem tags, seja o primeiro a adicionar uma tag!
|
MARC
| LEADER | 00000nlm a2200000 4500 | ||
|---|---|---|---|
| 001 | 0303364 | ||
| 005 | 20250729093745.1 | ||
| 022 | |a 2671-132X | ||
| 041 | 0 | |a eng | |
| 044 | |a HR | ||
| 245 | 1 | 0 | |a Odyssey Conference |b Proceedings of FEB Zagreb 15th International Odyssey Conference on Economics and Business |c Reviewers: Ana Aleksić Fredotović, Mihovil Anđelinović ... [et al.] |
| 250 | |a 1st Edition | ||
| 264 | 1 | |a Zagreb |b University of Zagreb |c 2024 | |
| 300 | |a 740 s. | ||
| 610 | 2 | 0 | |a ekonomika |
| 610 | 2 | 0 | |a podnikanie |
| 610 | 2 | 0 | |a inteligencia umelá |
| 610 | 2 | 0 | |a zdroje ľudské |
| 610 | 2 | 0 | |a dane |
| 700 | 1 | |a Aleksić Fredotović, Ana | |
| 700 | 1 | |a Anđelinović, Mihovil | |
| 110 | 2 | |a FEB Zagreb 2024. International Odyssey Conference on Economics and Business | |